Kariera trenerska Joachima Loewa. - Statystyki

Ogólne statystyki
  • Ten quiz został rozwiązany 26 razy
  • Średni wynik to 1 z 7
Statystyki odpowiedzi
Lata Drużyna % Poprawnych
2006-teraz Niemcy
100%
1996-1998 Stuttgart
16%
2003-2004 Austria Wiedeń
8%
1998-1999 Fenerbahce
4%
2000-2001 Adanaspor
0%
1999-2000 Karlsruher
0%
2001-2002 Tirol Innsbruck
0%
Nie znaleziono quizów pasujących do podanych kryteriów
Rozkład punktacji
Procent ludzi z każdym wynikiem
Percentyl według liczby udzielonych odpowiedzi
Twoja historia wyników
Nie rozwiązałeś tego quizu